[Event "Reykjavik op"]
[Site "Reykjavik"]
[Date "2023.04.04"]
[Round "8"]
[White "Sigurdsson, Smari"]
[Black "Kakulidis, Ellen"]
[Result "0-1"]
[WhiteElo "1807"]
[BlackElo "2046"]
[PlyCount "50"]
[EventDate "2023.03.29"]
[EventType "swiss"]
[EventRounds "9"]
[EventCountry "ISL"]
[SourceTitle "EXT 2024"]
[Source "ChessBase"]
[SourceDate "2023.10.10"]
[SourceVersion "1"]
[SourceVersionDate "2023.10.10"]
[SourceQuality "1"]

1. e4 c5 2. Nf3 d6 3. d4 cxd4 4. Nxd4 Nf6 5. Nc3 a6 6. Bg5 Nbd7 7. f4 Qa5 8. Qf3 h6 9. Bh4 e5 10. Nb3 Qc7 11. f5 b5 12. a3 Bb7 13. Be2 Be7 14. Bf2 d5 15. Nxd5 Nxd5 16. exd5 Nf6 17. Rd1 Rd8 18. Rd2 Bxd5 19. Qe3 0-0 20. 0-0 Be4 21. Bd3 Bxd3 22. cxd3 Nd5 23. Qe4 Bg5 24. Bc5 Bxd2 25. Bxf8 Be3+ 0-1

[Event "Reykjavik op"]
[Site "Reykjavik"]
[Date "2023.03.30"]
[Round "3"]
[White "Lien, Benjamin"]
[Black "Sigurdsson, Smari"]
[Result "0-1"]
[WhiteElo "1495"]
[BlackElo "1807"]
[PlyCount "56"]
[EventDate "2023.03.29"]
[EventType "swiss"]
[EventRounds "9"]
[EventCountry "ISL"]
[SourceTitle "CBM 213 Extra"]
[Source "ChessBase"]
[SourceDate "2023.05.31"]
[SourceVersion "1"]
[SourceVersionDate "2023.05.31"]
[SourceQuality "1"]

1. e4 e5 2. Nf3 Nc6 3. Bc4 Bc5 4. b4 Bxb4 5. c3 Ba5 6. d4 b5 7. Bxb5 Nxd4 8. Nxd4 exd4 9. Qxd4 Qf6 10. 0-0 Bb6 11. Qd3 Ne7 12. Nd2 0-0 13. Nf3 h6 14. e5 Qg6 15. Qe2 Qh5 16. Ba3 Re8 17. e6 fxe6 18. Rad1 c6 19. Bd3 d5 20. Qc2 Nf5 21. Rfe1 Bc7 22. Qa4 Bd7 23. g4 Qh3 24. Ne5 Bxe5 25. gxf5 Bxh2+ 26. Kh1 Bg3+ 27. Kg1 Qh2+ 28. Kf1 Qxf2# 0-1

[Event "ISL-chT2 1718"]
[Site "Reykjavik"]
[Date "2018.03.02"]
[Round "5.4"]
[White "Sigurdsson, Smari"]
[Black "Mai, Alexander Oliver"]
[Result "1/2-1/2"]
[WhiteElo "1835"]
[BlackElo "1875"]
[PlyCount "33"]
[EventDate "2017.10.20"]
[EventType "team-tourn"]
[EventRounds "7"]
[EventCountry "ISL"]
[SourceTitle "EXT 2019"]
[Source "ChessBase"]
[SourceDate "2018.10.10"]
[SourceVersion "1"]
[SourceVersionDate "2018.10.10"]
[SourceQuality "1"]
[WhiteTeam "Huginn"]
[BlackTeam "Reykjavik III"]
[WhiteTeamCountry "ISL"]
[BlackTeamCountry "ISL"]

1. e4 e5 2. Nf3 Nc6 3. Bb5 a6 4. Ba4 Nf6 5. 0-0 Be7 6. Re1 b5 7. Bb3 0-0 8. h3 Bb7 9. d3 d5 10. Nc3 dxe4 11. Nxe4 Nxe4 12. dxe4 Bd6 13. a3 h6 14. Bd5 Qf6 15. Be3 Rfd8 16. Nh2 Qg6 17. Qg4 1/2-1/2